000 00310nam a22001337a 4500
008 181107b xxu||||| |||| 00| 0 eng d
020 _a9780830414284
041 _aeng
080 _a316
100 _a50
101 _aSOC
245 _aSocial Welfare. Policy and Analysis
_cDobelstein, A.W
942 _2udc
_cBK
999 _c52156
_d52156